Những điều kiêng kỵ theo phong tục dân gian tập tục và kiêng kỵ
Đã lưu trong:
| Tác giả chính: | |
|---|---|
| Định dạng: | Sách |
| Được phát hành: |
Hà Nội
Văn Hóa Thông tin
2014
|
| Những chủ đề: | |
| Các nhãn: |
Thêm thẻ
Không có thẻ, Là người đầu tiên thẻ bản ghi này!
|
| Thư viện lưu trữ: | Trung tâm Học liệu Lê Vũ Hùng, Trường Đại học Đồng Tháp |
|---|
| LEADER | 00830pam a22002898a 4500 | ||
|---|---|---|---|
| 001 | 00035630 | ||
| 005 | 20171026081025.0 | ||
| 008 | 161215s2014 ||||||Viesd | ||
| 020 | |c 45000 | ||
| 041 | 0 | # | |a Vie |
| 082 | 1 | 4 | |a 390.095 97 |b NH556Đ |
| 100 | 0 | # | |a Mai, Uyên |
| 245 | 0 | 0 | |a Những điều kiêng kỵ theo phong tục dân gian |c Mai Uyên |b tập tục và kiêng kỵ |
| 260 | # | # | |a Hà Nội |b Văn Hóa Thông tin |c 2014 |
| 300 | # | # | |a 308tr. |c 21 cm. |
| 653 | # | # | |a Kiêng kỵ |
| 653 | # | # | |a Phong tục |
| 653 | # | # | |a Việt Nam |
| 653 | # | # | |a Văn hóa dân gian |
| 852 | # | # | |b Kho đọc |j KD.0019192 |
| 852 | # | # | |j KD.0019192 |
| 910 | 0 | # | |d 15/12/2016 |
| 980 | # | # | |a Trung tâm Học liệu Lê Vũ Hùng, Trường Đại học Đồng Tháp |